Cardiac imaging / (رقم التسجيلة. 21496)

تفاصيل مارك
000 -الفاتح
حقل البيانات ثابتة الطول 02044cam a22004214a 4500
001 - رقم الضبط
رقم الضبط 141853932
003 - محدد رقم الضبط
رقم الضبط OCoLC
005 - وقت وتاريخ اخر تعامل مع التسجيلة
رقم الضبط 20150408114014.0
008 - عناصر البيانات ثابتة الطول - معلومات عامة
حقل البيانات ثابتة الطول 070605s2008 gw a bf 001 0 eng
010 ## - رقم ضبط مكتبة الكونجرس
رقم ضبط مكتبة الكونجرس 2007023540
020 ## - الرقم الدولى المعيارى للكتب
الرقم الدولى المعيارى للكتاب 9783131451118 (TPS, rest of the world : alk. paper)
020 ## - الرقم الدولى المعيارى للكتب
الرقم الدولى المعيارى للكتاب 3131451114 (TPS, rest of the world : alk. paper)
020 ## - الرقم الدولى المعيارى للكتب
الرقم الدولى المعيارى للكتاب 9781604060140 (TPN, the Americans : alk. paper)
020 ## - الرقم الدولى المعيارى للكتب
الرقم الدولى المعيارى للكتاب 160406014X (TPN, the Americans : alk. paper)
035 ## - رقم ضبط النظام
رقم ضبط النظام (OCoLC)141853932
040 ## - مصدر الفهرسة
وكالة الفهرسة الأصلية DNLM/DLC
وكالة النسخ DLC
وكالة التعديل NLM
-- BAKER
-- BTCTA
-- C#P
-- YDXCP
-- OCLCQ
-- OH6
041 1# - رمز اللغة
رمز لغة النص/ المسارات الصوتية أو العنوان الانفرادي eng
رمز لغة الترجمات و/او الاصلية المتوسطة للنص ger
042 ## - رمز التحقق
رمز التحقق pcc
050 00 - رقم طلب مكتبة الكونجرس
رقم التصنيف RC683.5.I42
رقم المادة H4713 2008
060 10 - رقم الطلب بالمكتبة الطبية الوطنية
رقم التصنيف WG 39
رقم المادة H582 2008
082 00 - رقم تصنيف ديوى العشرى
رقم التصنيف 616.1207575
رقم الطبعة 22
096 ## - رقم استدعاء المكتبة الطبية الوطنية المحلى
رقم التصنيف WG 39
رقم المادة H582 2008
130 0# - المدخل الرئيسى - عنوان موحد
عنوان موحد Herz.
لغة العمل English.
9 (RLIN) 10884
245 10 - بيان العنوان
العنوان Cardiac imaging /
بيان المسئوليه,etc Claus D. Claussen ... [et al.]
260 ## - PUBLICATION, DISTRIBUTION, ETC. (IMPRINT)
مكان الناشر او الموزع Stuttgart ;
-- New York :
اسم الناشر او الموزع Thieme,
تاريخ النشر أو التوزيع c2008.
300 ## - الوصف المادى
التعداد ix, 312 p. :
تفاصيل ماديه اخرى للوعاء ill. (some col.) ;
أبعاد الوعاء 20 cm.
440 #0 - بيان السلسلة/مدخل إضافى-العنوان
العنوان Direct diagnosis in radiology.
9 (RLIN) 10885
504 ## - تبصرة ببليوجرافية
تبصرة ببليوجرافية,الخ Includes bibliographical references and index.
505 0# - تبصرة محتويات-الفهرس
تبصرة المحتويات المصاغة Ischemic heart disease / S. Miller, U. Kramer -- Heart failure / R. Riessen -- Acquired valvular heart diseases / U. Kramer -- Cardiomyopathy / S. Miller -- Inflammatory heart diseases / S. Miller -- Hypertension / R. Riessen -- Tumors and other masses / M. Fenchel -- Trauma / U. Kramer -- Congenital heart diseases / M. Fenchel -- Diseases of the great vessels / U. Kramer -- Standard planes of the heart / S. Miller -- Appendix / S. Miller.
650 #0 - المدخل الاضافى بالموضوع-مصطلح موضوعى
مصطلح موضوعي أو اسم جغرافي كعنصر مدخل Heart
التقسيم الفرعي العام Imaging
التقسيم الفرعي الشكلي Handbooks, manuals, etc.
9 (RLIN) 10886
650 #0 - المدخل الاضافى بالموضوع-مصطلح موضوعى
مصطلح موضوعي أو اسم جغرافي كعنصر مدخل Heart
التقسيم الفرعي العام Diseases
-- Diagnosis
التقسيم الفرعي الشكلي Handbooks, manuals, etc.
9 (RLIN) 10887
650 12 - المدخل الاضافى بالموضوع-مصطلح موضوعى
مصطلح موضوعي أو اسم جغرافي كعنصر مدخل Diagnostic Techniques, Cardiovascular
التقسيم الفرعي الشكلي Handbooks.
9 (RLIN) 10888
650 22 - المدخل الاضافى بالموضوع-مصطلح موضوعى
مصطلح موضوعي أو اسم جغرافي كعنصر مدخل Diagnostic Imaging
التقسيم الفرعي الشكلي Handbooks.
9 (RLIN) 10889
650 22 - المدخل الاضافى بالموضوع-مصطلح موضوعى
مصطلح موضوعي أو اسم جغرافي كعنصر مدخل Heart Diseases
التقسيم الفرعي العام diagnosis
التقسيم الفرعي الشكلي Handbooks.
9 (RLIN) 10890
700 1# - المدخل الاضافى - اسم شخصى
الإسم الشخصى Claussen, Claus,
التواريخ المصاحبة للاسم 1945-
9 (RLIN) 10891
856 41 - الوصول و الموقع الالكترونى
مواد محددة Table of contents only
معرف المصدر الموحد <a href="http://www.loc.gov/catdir/toc/ecip0719/2007023540.html">http://www.loc.gov/catdir/toc/ecip0719/2007023540.html</a>
942 ## - عناصر المدخل الإضافي( كوها)
مصدر التصنيف او مخطط الترفيف Dewey Decimal Classification
Koha [default] item type كتاب
المقتنيات
حالة الفقد نموذج السعر الفعال حالة تلف ليس للاعارة رقم الطلب تاريخ الاكتساب الموقع الحالي الباركود الفرع الرئيسي Date last seen نوع المادة فى نظام كوها مصدر التصنيف او خطة الترفيف Total Checkouts
  2013-03-10     616.1207575 C A I 2012-04-14 مكتبة كلية العلوم الطبية التطبيقية بالمجمعة - طالبات (AMF) 00084031 مكتبة كلية العلوم الطبية التطبيقية بالمجمعة - طالبات (AMF) 2013-03-10 كتاب Dewey Decimal Classification  
  2013-03-10     616.1207575 C A I 2012-04-14 مكتبة كلية العلوم الطبية التطبيقية بالمجمعة - طالبات (AMF) 00084032 مكتبة كلية العلوم الطبية التطبيقية بالمجمعة - طالبات (AMF) 2013-03-10 كتاب Dewey Decimal Classification  
  2013-03-10     616.1207575 C A I 2012-04-14 مكتبة كلية العلوم الطبية التطبيقية بالمجمعة - طالبات (AMF) 00084035 مكتبة كلية العلوم الطبية التطبيقية بالمجمعة - طالبات (AMF) 2013-03-10 كتاب Dewey Decimal Classification  
  2013-03-10     616.1207575 C A I 2012-04-14 مكتبة كلية العلوم الطبية التطبيقية بالمجمعة - طالبات (AMF) 00084033 مكتبة كلية العلوم الطبية التطبيقية بالمجمعة - طالبات (AMF) 2013-03-10 كتاب Dewey Decimal Classification